Básnik s pokorou v srdci - Ondrej Čiliak personálna bibliografia vydaná k 55. výročiu jeho narodenia

Bibliographic Details
Other Authors: Blaháčová, Božena (Compiler), Myšiaková, Silvia, 1953- (Collaborator)
Format: Book
Language:Slovak
PhysicalDescription:73 s. 21 cm obraz. príl.
Published: Prievidza Hornonitrianska knižnica 2006
ISBN:8085144247 (brož.)
Edition:[1. vyd.]
Subjects:

MARC

LEADER 00000nam a22000005a 4500
001 vtls008852202
003 SK-MaSNL
005 20260415133757.0
008 150827s2006 xo r 000 0 slo
015 |a SNBSAB2006-00011 
020 |a 8085144247 (brož.) 
035 |a E5D54725-2878-44A6-9293-C698DB18AB55 
035 |a urn:nbn:sk:snk-amjed0 
035 |a urn:nbn:sk:snk-am001p17 
040 |a SNK  |b slo  |c SNK  |e AACR2 
041 0 |a slo 
044 |a xo  |c SK 
072 7 |a 821.162.4  |x Slovenská literatúra  |2 konspekt 
080 |a 82:929:821.162.4:012  |2 2001 
080 |a 929 Čiliak, Ondrej  |2 2001 
080 |a 821.162.4  |2 2001 
080 |a 012  |2 2001 
100 1 |a Blaháčová, Božena  |4 com  |9 406263 
245 1 0 |a Básnik s pokorou v srdci - Ondrej Čiliak  |b personálna bibliografia vydaná k 55. výročiu jeho narodenia  |c [zostavila: Božena Blaháčová a kolektív Hornonitrianskej knižnice v Prievidzi ; zodp. red.: Eva Mikšiková ; lektorovala: Silvia Myšiaková ; grafická úprava: Rastislav Gürtler] 
250 |a [1. vyd.] 
260 |a Prievidza  |b Hornonitrianska knižnica  |c 2006 
300 |a 73 s.  |c 21 cm  |e obraz. príl. 
500 |a 80 výt. 
504 |a Usporiadanie temat.-abec.-chornolog. 378 zázn. o čl., kn. a rec. Reg. men. Zozn. použ. dok. 
600 1 7 |a Čiliak, Ondrej,  |d 1951-2012  |2 SNKKA  |9 97841 
655 7 |a personálne bibliografie  |2 SNKPH  |9 70198 
700 1 |a Mikšíková, Eva,  |d 1955-  |4 lso  |9 37859 
700 1 |a Myšiaková, Silvia,  |d 1953-  |4 clb  |9 260499 
700 1 |a Gürtler, Rastislav  |4 bkd  |9 557005 
919 |a 80-85144-24-7 
999 |c 854677  |d 856607 
952 |a SNK  |b SNK  |y PREZ  |7 0  |p 17A0522519  |o snkSD 75923  |i snk2006/19923  |8 0  |0 0  |1 0  |4 0  |d 2006-10-04  |l 0  |r 2025-11-24 00:00:00  |w 2026-02-24 
952 |a SNK  |b SNK  |y VYP  |7 0  |p 17A0522520  |o snkSD 75923 D1  |i snk2006/19924  |8 0  |0 0  |1 0  |4 0  |d 2006-10-04  |f 1  |l 0  |r 2017-06-30 00:00:00  |w 2026-02-24